Financial Accounting For Managers / (Record no. 168058)
[ view plain ]
| 000 -LEADER | |
|---|---|
| fixed length control field | 00638nam a22001817a 4500 |
| 005 - DATE AND TIME OF LATEST TRANSACTION | |
| control field | 20210818161254.0 |
| 010 ## - LCCN (DPL NO) | |
| LC control number | ENG-126551 |
| 020 ## - INTERNATIONAL STANDARD BOOK NUMBER | |
| Terms of availability | 529.00 |
| International Standard Book Number | 9789352868339 |
| 035 ## - SYSTEM CONTROL NUMBER | |
| System control number | EN-110083 |
| 037 ## - SOURCE OF ACQUISITION | |
| Source of stock number/acquisition | DBAD/PUB |
| 082 ## - DEWEY DECIMAL CLASSIFICATION NUMBER | |
| Classification number | 657 |
| 100 ## - MAIN ENTRY--PERSONAL NAME | |
| Personal name | Dhamija, Sanjay |
| 245 ## - TITLE STATEMENT | |
| Title | Financial Accounting For Managers / |
| Statement of responsibility, etc | By Sanjay Dhamija |
| 260 ## - PUBLICATION, DISTRIBUTION, ETC. (IMPRINT) | |
| Place of publication, distribution, etc | Noida |
| Name of publisher, distributor, etc | Pearson India education services pvt. ltd |
| Date of publication, distribution, etc | 2018 |
| 270 ## - ADDRESS | |
| City | U.P |
| Address | 15th floor,tower-b,world trade tower ,plot no. 1,bllock -c,sector 16 Noida |
| Postal code | 201301 |
| Electronic mail address | companysecretary.india@pearson.com |
| Telephone number | 04466540100 |
| 300 ## - PHYSICAL DESCRIPTION | |
| Extent | 489p. |
| Dimensions | 25cm,(pbk) |
| 942 ## - ADDED ENTRY ELEMENTS (KOHA) | |
| Source of classification or shelving scheme | Dewey Decimal Classification |
| Item type | English Books |
| Classification part | 657 |
| Call number suffix | DHA |
| Withdrawn status | Lost status | Not for loan | Collection code | Home library | Current library | Date acquired | Source of acquisition | Cost, normal purchase price | Full call number | Barcode | Copy number | Cost, replacement price | Koha item type |
|---|---|---|---|---|---|---|---|---|---|---|---|---|---|
| Non-fiction | Shahdara Branch | Shahdara Branch | 25/09/2019 | DBAD/PUB | 529.00 | 657 DHA | EN-110083 | 1 | 529.00 | English Books |
